Every Song by Children of Bodom - Statistics

General Stats
  • This quiz has been taken 166 times
  • The average score is 50 of 98
Answer Stats
Album Song % Correct
Hatebreeder(1999) Hatebreeder
93%
Are You Dead Yet?(2005) Are You Dead Yet?
92%
Hate Crew Deathroll(2003) Hate Crew Deathroll
90%
Something Wild(1997) Lake Bodom
89%
Follow the Reaper(2000) Follow the Reaper
87%
Hatebreeder(1999) Downfall
83%
Hate Crew Deathroll(2003) Needled 24/7
80%
Blooddrunk(2008) Blooddrunk
79%
Follow the Reaper(2000) Bodom After Midnight
79%
Hatebreeder(1999) Children of Bodom
79%
Follow the Reaper(2000) Hate Me!
79%
Hatebreeder(1999) Silent Night, Bodom Night
79%
Hate Crew Deathroll(2003) Sixpounder
79%
Halo of Blood(2013) Halo of Blood
77%
Hexed(2019) Hexed
76%
I Worship Chaos(2015) I Worship Chaos
76%
Something Wild(1997) Red Light in My Eyes, Pt 1
76%
Something Wild(1997) Red Light in My Eyes, Pt 2
76%
Trashed, Lost & Strungout(2004) Trashed, Lost & Strungout
76%
Are You Dead Yet?(2005) Trashed, Lost & Strungout
76%
Follow the Reaper(2000) Everytime I Die
75%
Relentless Reckless Forever(2011) Relentless Reckless Forever
75%
Hatebreeder(1999) Bed of Razors
73%
Something Wild(1997) The Nail
73%
Hate Crew Deathroll(2003) Angels Don't Kill
72%
Follow the Reaper(2000) Kissing the Shadows
69%
Hate Crew Deathroll(2003) Bodom Beach Terror
68%
Hatebreeder(1999) Warheart
68%
Hatebreeder(1999) Black Widow
66%
Something Wild(1997) Deadnight Warrior
66%
Are You Dead Yet?(2005) In Your Face
65%
Follow the Reaper(2000) Children of Decadence
63%
Are You Dead Yet?(2005) Living Dead Beat
61%
Paint the Sky with Blood(2021) Paint the Sky with Blood
61%
Hatebreeder(1999) Towards Dead End
61%
Something Wild(1997) In the Shadows
59%
Follow the Reaper(2000) Taste of My Scythe
59%
I Worship Chaos(2015) Morrigan
58%
Something Wild(1997) Touch Like Angel of Death
58%
Follow the Reaper(2000) Mask of Sanity
56%
Hate Crew Deathroll(2003) Triple Corpse Hammerblow
56%
Are You Dead Yet?(2005) If You Want Peace… Prepare for War
55%
Follow the Reaper(2000) Northern Comfort
55%
Are You Dead Yet?(2005) Next in Line
54%
Relentless Reckless Forever(2011) Not My Funeral
51%
Hatebreeder(1999) Wrath Within
51%
Are You Dead Yet?(2005) Bastards of Bodom
49%
Hate Crew Deathroll(2003) Chokehold (Cocked 'n' Loaded)
48%
Are You Dead Yet?(2005) Punch Me I Bleed
48%
Hexed(2019) Under Grass and Clover
44%
Blooddrunk(2008) Tie My Rope
42%
Hate Crew Deathroll(2003) You're Better Off Dead
42%
I Worship Chaos(2015) Suicide Bomber
41%
Relentless Reckless Forever(2011) Shovel Knockout
39%
Are You Dead Yet?(2005) We're Not Gonna Fall
39%
Hexed(2019) This Road
38%
Blooddrunk(2008) Hellhounds on My Trail
37%
Blooddrunk(2008) LoBodomy
37%
Relentless Reckless Forever(2011) Northpole Throwdown
37%
Hexed(2019) Soon Departed
37%
Halo of Blood(2013) Transference
37%
Relentless Reckless Forever(2011) Was It Worth It?
37%
I Worship Chaos(2015) I Hurt
35%
Hate Crew Deathroll(2003) Lil' Bloodred Ridin' Hood
35%
I Worship Chaos(2015) My Bodom (I Am the Only One)
35%
Halo of Blood(2013) Scream for Silence
35%
Halo of Blood(2013) Bodom Blue Moon (The Second Coming)
34%
Hexed(2019) Hecate's Nightmare
34%
Hexed(2019) Platitudes and Barren Words
34%
Halo of Blood(2013) Waste of Skin
34%
I Worship Chaos(2015) Widdershins
34%
Halo of Blood(2013) One Bottle and a Knee Deep
32%
Paint the Sky with Blood(2021) Payback's a Bitch
32%
I Worship Chaos(2015) Prayer for the Afflicted
32%
I Worship Chaos(2015) All for Nothing
31%
Relentless Reckless Forever(2011) Cry of the Nihilist
31%
I Worship Chaos(2015) Horns
31%
Hexed(2019) Relapse (The Nature of My Crime)
31%
Hexed(2019) Glass Houses
30%
Hexed(2019) Kick in a Spleen
30%
Relentless Reckless Forever(2011) Pussyfoot Miss Suicide
30%
Blooddrunk(2008) Roadkill Morning
30%
Relentless Reckless Forever(2011) Roundtrip to Hell and Back
30%
Relentless Reckless Forever(2011) Ugly
30%
Blooddrunk(2008) Banned from Heaven
28%
Blooddrunk(2008) Done with Everything, Die for Nothing
28%
Hexed(2019) Knuckleduster
28%
Halo of Blood(2013) Dead Man's Hand on You
27%
Halo of Blood(2013) All Twisted
25%
I Worship Chaos(2015) Hold Your Tongue
25%
Hexed(2019) Say Never Look Back
25%
Blooddrunk(2008) Smile Pretty for the Devil
25%
Halo of Blood(2013) Your Days Are Numbered
25%
Halo of Blood(2013) Damaged Beyond Repair
24%
Chaos Ridden Years(2006) Latvala
24%
Chaos Ridden Years(2006) Clash of the Booze Brothers
23%
Blooddrunk(2008) One Day You Will Cry
23%
Chaos Ridden Years(2006) Deadbeats I
20%
No matching quizzes found
Score Distribution
Percent of People with Each Score
Percentile by Number Answered
Your Score History
You have not taken this quiz